LIBRARY & INFORMATION CENTRE, KCAET, TAVANUR

ONLINE PUBLIC ACCESS CATALOGUE (OPAC)

Normal view MARC view
  • Botany

Entry Topical Term

Number of records used in: 2

001 - CONTROL NUMBER

  • control field: 5986

003 - CONTROL NUMBER IDENTIFIER

  • control field: OSt

005 - DATE AND TIME OF LATEST TRANSACTION

  • control field: 20240213150152.0

008 - FIXED-LENGTH DATA ELEMENTS

  • fixed length control field: 240213|| aca||aabn | a|a d

040 ## - CATALOGING SOURCE

  • Original cataloging agency: OSt
  • Transcribing agency: OSt

150 ## - HEADING--TOPICAL TERM

  • Topical term or geographic name as entry element: Botany

670 ## - SOURCE DATA FOUND

  • Source citation: Work cat.: (OSt)70: Dutta, A C . 5985, Botany: for degree students , 1985.
free website counter